Definition of the engineering method
Gorde:
| Egile nagusia: | |
|---|---|
| Formatua: | Liburua |
| Hizkuntza: | ingelesa |
| Argitaratua: |
Washington, D.C
American Society for Engineering Education
1985
|
| Gaiak: | |
| Etiketak: |
Etiketa erantsi
Etiketarik gabe, Izan zaitez lehena erregistro honi etiketa jartzen!
|
MARC
| LEADER | 00000nam a2200000 a 4500 | ||
|---|---|---|---|
| 001 | UCV6870 | ||
| 003 | CL-VaPUC | ||
| 008 | 921104e19850000US |||||||||||||||||eng|d | ||
| 082 | 0 | 4 | |a 620.001 |b KOE |2 21 |
| 100 | 0 | |a Koen, Billy Vaughn |e author |9 300881 | |
| 245 | 1 | 0 | |a Definition of the engineering method |
| 300 | |a 74 p | ||
| 942 | |c BK | ||
| 945 | |d 19921104 00:00:00 | ||
| 260 | |a Washington, D.C |b American Society for Engineering Education |c 1985 | ||
| 650 | 7 | |a INGENIERIA METODOLOGIA |2 CL-VaPUC |9 263816 | |
| 583 | |a last modification |c 19921104 00:00:00 |k Rodrigo Vera | ||
| 999 | |c 212704 |d 212702 | ||